000 00263nam a2200109Ia 4500
008 200302s9999 xx 000 0 und d
100 _aAlan Blanc
245 _aMitchell's Internal Components
260 _bTaylor &Francis Group
260 _c2016
300 _a201 P.,
999 _c4082
_d4082